000 00738nam a22002297a 4500
003 DO-SdBNP
005 20250611073818.0
007 ta
008 220609b2020 dr ||||| |||| 00| 0 spa d
040 _aDO-SdBNP
_bspa
_cBNPHU
082 4 _bR426i
_222
110 1 _aRepública Dominicana.
_bMinisterio de Salud Pública
_980830
245 1 0 _aIndicadores básicos de salud 2020
264 _aSanto Domingo :
_bMinisterio Salud Pública,
_bOrganización Panamericana de la Salud,
_c2021.
300 _a74 paginas :
_bIlustraciones ;
_c29 cm.
336 _2rdacontent
_atexto
_btxt
337 _2rdamedia
_asin mediación
_bn
338 _2rdacarrier
_avolumen
_bnc
590 _aInventariado, 2022/BT
910 _aBtavárez
942 _2ddc
_cLBS1
999 _c51983
_d51983